Spell the Marvel Hero #64 - Statistics

General Stats
  • This quiz has been taken 12 times
  • The average score is 15 of 16
Answer Stats
Picture Answer % Correct
Angel
100%
Captain America
100%
Emma Frost
100%
Firestar
100%
Invisible Woman
100%
Iron Man
100%
Namor the Sub-Mariner
100%
Rocket Raccoon
100%
Thing
100%
Thor
100%
Medusa
91%
Mister Fantastic
91%
Shuri
91%
Aurora
82%
Triton
64%
Synapse
36%
No matching quizzes found
Score Distribution
Percent of People with Each Score
Percentile by Number Answered
Your Score History
You have not taken this quiz